Aer Lingus Destinations on a Map - Statistics

General Stats
  • This quiz has been taken 732 times
  • The average score is 72 of 98
Answers on the Map
Answers color-coded by a green-red scale on the quiz's map according to % correct below.
 
Answer Stats
Country Answer % Correct
Ireland Dublin
95%
United Kingdom London
95%
United States Los Angeles
95%
United States New York
95%
United States Chicago
94%
Spain Madrid
94%
United States Miami
94%
Spain Barcelona
93%
United States Boston
93%
France Paris
93%
United States San Francisco
93%
United States Seattle
93%
Greece Athens
92%
United Kingdom Isle of Man
92%
Portugal Lisbon
92%
Italy Rome
92%
United Kingdom Belfast
91%
Germany Berlin
91%
United Kingdom Edinburgh
91%
United States Orlando
91%
Poland Warsaw
91%
The Netherlands Amsterdam
90%
Belgium Brussels
90%
Ireland Cork
90%
United Kingdom Glasgow
90%
United States Las Vegas
90%
Italy Milan
90%
United Kingdom Manchester
89%
Germany Munich
89%
Austria Vienna
89%
United States Denver
88%
Germany Hamburg
88%
Italy Naples
88%
United States Philadelphia
88%
Czech Republic Prague
88%
Canada Toronto
88%
Hungary Budapest
87%
United Kingdom Liverpool
87%
France Nice
87%
United States Washington
87%
Switzerland Zurich
87%
Germany Frankfurt
86%
France Marseille
86%
Italy Venice
86%
Switzerland Geneva
85%
Malta Valletta
85%
France Lyon
83%
Spain Seville
82%
United States Minneapolis
81%
United Kingdom Leeds
80%
United Kingdom Newcastle
80%
United Kingdom Aberdeen
79%
United Kingdom Cardiff
78%
Spain Bilbao
77%
France Bordeaux
77%
United States Cleveland
76%
United States Newark
76%
Spain Malaga
75%
United States Nashville
75%
United Kingdom Bristol
74%
United States Indianapolis
74%
Morocco Marrakech
74%
Austria Salzburg
74%
Croatia Split
73%
Germany Dusseldorf
72%
Spain Palma de Mallorca
71%
France Toulouse
71%
Spain Tenerife
69%
Turkey Izmir
68%
Croatia Dubrovnik
67%
United Kingdom Southampton
67%
France Nantes
66%
Barbados Bridgetown
64%
Greece Heraklion
61%
Italy Pisa
61%
Spain Alicante
60%
Portugal Faro
60%
Italy Verona
57%
Italy Catania
56%
United States Hartford
55%
Spain Gran Canaria
54%
United Kingdom Jersey
54%
Greece Corfu
50%
Ireland Shannon
48%
United Kingdom Exeter
44%
Spain Lanzarote
42%
Spain Santiago de Compostela
42%
Greece Santorini
42%
Bulgaria Burgas
37%
Italy Brindisi
36%
Spain Fuerteventura
36%
France Perpignan
34%
Ireland Donegal
32%
Finland Rovaniemi
32%
United Kingdom East Midlands
28%
United Kingdom Newquay
26%
Ireland Knock
23%
Turkey Dalaman
19%
No matching quizzes found
Score Distribution
Percent of People with Each Score
Percentile by Number Answered
Your Score History
You have not taken this quiz